| 000 | 00779nam a22002177a 4500 | ||
|---|---|---|---|
| 999 |
_c3532 _d3532 |
||
| 003 | OSt | ||
| 005 | 20240220085346.0 | ||
| 008 | 240220b ||||| |||| 00| 0 eng d | ||
| 020 | _a9780007323081 | ||
| 040 | _cKH8 | ||
| 082 | _aFIC LEW | ||
| 100 |
_aLewis, C. S, _d1898-1963. _eauthor. _q(Clive Staples), |
||
| 245 |
_aThe Horse and His Boy / _cC.S. Lewis ; illustrated by Pauline Baynes. |
||
| 260 |
_aNew York ; _bHarperCollins, _cc1954. |
||
| 300 |
_a240 pages: _billustrations; _c20 cm. |
||
| 440 |
_aThe Chronicles of Narnia ; _nbook. 3. |
||
| 520 | _aA boy and a talking horse share an adventurous and dangerous journey to Narnia to warn of invading barbarians. | ||
| 650 |
_aFantasy literature _vJuvenile. |
||
| 700 |
_aBaynes, Pauline, _dillustrator. |
||
| 942 |
_2ddc _cFIC |
||